Key data (Record no. 80030)
[ view plain ]
| 000 -LEADER | |
|---|---|
| fixed length control field | 00782cab a22001935a 4500 |
| 001 - CONTROL NUMBER | |
| control field | L143036 |
| 008 - FIXED-LENGTH DATA ELEMENTS--GENERAL INFORMATION | |
| fixed length control field | 080214s2008 xxkad f s 000 0 eng d |
| 035 ## - SYSTEM CONTROL NUMBER | |
| System control number | (Sirsi) u143036 |
| 041 0# - LANGUAGE CODE | |
| Language code of text/sound track or separate title | eng |
| 110 2# - MAIN ENTRY--CORPORATE NAME | |
| Corporate name or jurisdiction name as entry element | GlobalProperty |
| 9 (RLIN) | 5528 |
| 245 00 - TITLE STATEMENT | |
| Title | Key data |
| Remainder of title | office occupancy costs |
| 260 ## - PUBLICATION, DISTRIBUTION, ETC. | |
| Date of publication, distribution, etc. | 2008 |
| 490 #0 - SERIES STATEMENT | |
| Series statement | EuroProperty |
| Volume/sequential designation | March 2008, 38(1) |
| 520 ## - SUMMARY, ETC. | |
| Summary, etc. | Presents data on office occupancy costs from around the globe. Finds Western Europe dominates the chart and that emerging markets expect demand to be strong. Table ranks countries and locations, detailing costs per workstation (dollars and euros) with year on year changes form 2007 to 2008. |
| 590 ## - LOCAL NOTE (RLIN) | |
| Local note | KA |
| 651 #4 - SUBJECT ADDED ENTRY--GEOGRAPHIC NAME | |
| Geographic name | International |
| 690 ## - LOCAL SUBJECT ADDED ENTRY--TOPICAL TERM (OCLC, RLIN) | |
| Topical term or geographic name as entry element | PROPERTY-COMMERCIAL PROPERTY-COMMERCIAL PROPERTY MARKET |
| 942 ## - ADDED ENTRY ELEMENTS (KOHA) | |
| Suppress in OPAC | 0 |
| Withdrawn status | Lost status | Source of classification or shelving scheme | Damaged status | Not for loan | Home library | Current library | Shelving location | Date acquired | Total Checkouts | Full call number | Barcode | Date last seen | Copy number | Price effective from | Koha item type |
|---|---|---|---|---|---|---|---|---|---|---|---|---|---|---|---|
| Dewey Decimal Classification | London | London | Journal article | 03/04/2008 | L143036 | 143036-1001 | 06/08/2019 | 1 | 06/08/2019 | Journal article |